Normal view MARC view
  • Misra.S.K

Entry Personal Name

Number of records used in: 2

001 - CONTROL NUMBER

  • control field: 2268

003 - CONTROL NUMBER IDENTIFIER

  • control field: OSt

005 - DATE AND TIME OF LATEST TRANSACTION

  • control field: 20170104121339.0

008 - FIXED-LENGTH DATA ELEMENTS

  • fixed length control field: 170104|| aca||aabn | a|a d

040 ## - CATALOGING SOURCE

  • Original cataloging agency: OSt

100 ## - HEADING--PERSONAL NAME

  • Personal name: Misra.S.K

Powered by Koha